00468nam a2200145Ia 4500008004100000100002400041245007300065245003500138260003900173260000900212300001000221650001800231650001500249856005800264170221s9999 xx 000 0 und d aMichael Finkelstein aSpeaking Rate among Professional Radio Newscasters: Hebrew Speakers  cMichael Finkelstein, Ofer Amir bStudies in Media and Communication c2013 a1 : 1 xCommunication xMedia Arts uhttp://redfame.com/journal/index.php/smc/issue/view/3